[Event "2. Open Ciudad de Alicante"]
[Site "Alicante ESP"]
[Date "2010.01.04"]
[Round "8.5"]
[White "Bendayan Claros, Aaron"]
[Black "Aledo Lopez, Angel"]
[Result "1/2-1/2"]
[WhiteElo "2176"]
[BlackElo "1988"]
[PlyCount "144"]
[EventDate "2009.12.27"]
[EventType "swiss"]
[EventRounds "9"]
[EventCountry "ESP"]
[Source "lmi"]
[SourceDate "2009.12.27"]

1. d4 Nf6 2. c4 e6 3. Nf3 b6 4. a3 Bb7 5. Nc3 d5 6. cxd5 Nxd5 7. Qc2 Nxc3 8.
bxc3 Bxf3 9. gxf3 Qf6 10. Bg2 c6 11. f4 Qg6 12. Be4 f5 13. Bf3 Be7 14. e3 O-O
15. Bb2 Rc8 16. Ke2 Nd7 17. Rac1 Rc7 18. Rhg1 Qf7 19. c4 Nf6 20. Qb3 Rd8 21.
Rgd1 c5 22. d5 Ne4 23. Qd3 exd5 24. cxd5 Rcd7 25. Bxe4 fxe4 26. Qxe4 Rxd5 27.
Rxd5 Rxd5 28. Qf3 Bf8 29. Rd1 Rxd1 30. Kxd1 Qb3+ 31. Kc1 Qc4+ 32. Kd2 b5 33.
Qe2 Qb3 34. Kc1 b4 35. Qc2 Qa2 36. axb4 cxb4 37. Bd4 Qf7 38. Kb2 Qb7 39. Qc4+
Kh8 40. f5 a5 41. f6 Qd7 42. Qa6 Qf7 43. fxg7+ Bxg7 44. Qa8+ Qg8 45. Qxa5 Bxd4+
46. exd4 Qc4 47. Qe5+ Kg8 48. Qe3 Kg7 49. Qd2 b3 50. d5 Qa4 51. Qc3+ Kf7 52.
Qxb3 Qd4+ 53. Ka3 Qxf2 54. d6+ Kf6 55. Qd5 Qa7+ 56. Kb4 Qb6+ 57. Kc4 Qa6+ 58.
Kd4 Qa1+ 59. Ke4 Qh1+ 60. Kd4 Qa1+ 61. Kc4 Qa2+ 62. Kc5 Qa5+ 63. Kc6 Qa8+ 64.
Kc5 Qa5+ 65. Kc4 Qa4+ 66. Kc3 Qa1+ 67. Kd2 Qb2+ 68. Ke3 Qc1+ 69. Kf2 Qf4+ 70.
Kg1 Qe3+ 71. Kg2 Qe2+ 72. Kg1 Qe3+ 1/2-1/2